[Event "GBR-ch Major op 109th"]
[Site "Leicester"]
[Date "2023.07.22"]
[Round "1"]
[White "Sinclair, Colin"]
[Black "Rice, Christopher"]
[Result "0-1"]
[WhiteElo "1652"]
[BlackElo "1892"]
[PlyCount "132"]
[EventDate "2023.07.22"]
[EventType "swiss"]
[EventRounds "9"]
[EventCountry "ENG"]
[SourceTitle "EXT 2024"]
[Source "ChessBase"]
[SourceDate "2023.10.10"]
[SourceVersion "1"]
[SourceVersionDate "2023.10.10"]
[SourceQuality "1"]

1. b3 Nf6 2. Bb2 e6 3. Nf3 d5 4. e3 Be7 5. Bb5+ c6 6. Be2 Nbd7 7. 0-0 0-0 8. d3 a5 9. Nbd2 a4 10. bxa4 Nc5 11. Rb1 Rxa4 12. d4 Nce4 13. Nxe4 Nxe4 14. c4 Rxa2 15. Qb3 Ra8 16. c5 f5 17. Bd3 Bf6 18. Bxe4 fxe4 19. Ne5 Bxe5 20. dxe5 Qg5 21. Bd4 h5 22. Qd1 Qg6 23. Qe2 Rf5 24. Rb6 Ra7 25. h4 Rf8 26. Kh2 Bd7 27. Rfb1 Bc8 28. Rg1 Qf7 29. Rf1 Qf5 30. f4 Ra4 31. g3 Rf7 32. Rf2 Rc7 33. Rg2 Bd7 34. g4 hxg4 35. Qxg4 Qxg4 36. Rxg4 Kh7 37. Rb2 Be8 38. Rg5 Bg6 39. h5 Bf5 40. Kg3 Kh6 41. Kh4 Ra1 42. Rh2 Rf1 43. Kg3 Rc8 44. Kg2 Rc1 45. Kg3 Ra8 46. Kh4 Rf1 47. Rgg2 Rf3 48. Rh1 Ra5 49. Rc2 Rb5 50. Rcc1 Rb3 51. Rc2 Rb1 52. Rch2 Rb4 53. Rc1 Rb5 54. Rch1 b6 55. cxb6 c5 56. Rb2 Rxb2 57. Bxb2 Rxe3 58. b7 Rb3 59. Ba3 Rxb7 60. Bxc5 Rb3 61. Be7 d4 62. Bf8 Rf3 63. Bb4 e3 64. Be1 d3 65. Bg3 d2 66. Rd1 Bc2 0-1

[Event "Reykjavik Kvika op"]
[Site "Reykjavik"]
[Date "2022.04.06"]
[Round "1"]
[White "Rice, Christopher"]
[Black "Mannion, Stephen R"]
[Result "0-1"]
[WhiteElo "1989"]
[BlackElo "2245"]
[PlyCount "72"]
[EventDate "2022.04.06"]
[EventType "swiss"]
[EventRounds "9"]
[EventCountry "ISL"]
[SourceTitle "CBM 207 Extra"]
[Source "ChessBase"]
[SourceDate "2022.05.31"]
[SourceVersion "1"]
[SourceVersionDate "2022.05.31"]
[SourceQuality "1"]

1. b3 d5 2. Bb2 Nf6 3. e3 g6 4. c4 c6 5. Nf3 Bg7 6. Be2 0-0 7. 0-0 Re8 8. d4 Bg4 9. Nbd2 e6 10. h3 Bxf3 11. Nxf3 Nbd7 12. Qc2 Ne4 13. Rac1 Qe7 14. Bd3 f5 15. Rfe1 Rad8 16. a3 g5 17. Nh2 Ndf6 18. f3 Nd6 19. g4 fxg4 20. hxg4 Nf7 21. e4 dxe4 22. fxe4 e5 23. d5 c5 24. Qg2 Nh8 25. Rf1 Ng6 26. Rf5 Nh4 27. Qg3 Nxf5 28. gxf5 Nh5 29. Qe3 Nf4 30. Be2 Rd6 31. Ng4 h5 32. f6 Rxf6 33. Nxf6+ Bxf6 34. Rc2 g4 35. b4 b6 36. Rd2 Nh3+ 0-1

[Event "GBR-ch Major 106th"]
[Site "Torquay"]
[Date "2019.07.28"]
[Round "2"]
[White "Miller, George"]
[Black "Rice, Christopher"]
[Result "0-1"]
[WhiteElo "1891"]
[BlackElo "2040"]
[PlyCount "48"]
[EventDate "2019.07.27"]
[EventType "swiss"]
[EventRounds "9"]
[EventCountry "ENG"]
[SourceTitle "EXT 2020"]
[Source "ChessBase"]
[SourceDate "2019.10.17"]
[SourceVersion "1"]
[SourceVersionDate "2019.10.17"]
[SourceQuality "1"]

1. d4 Nf6 2. Nc3 e6 3. Bf4 b6 4. e3 Bb7 5. Nf3 Bb4 6. Bd3 Nd5 7. Kd2 Nxf4 8. exf4 Qf6 9. Ke3 Bxc3 10. bxc3 d6 11. Re1 Nd7 12. a4 a5 13. g4 h6 14. h4 0-0-0 15. g5 hxg5 16. hxg5 Qe7 17. Kd2 Rh3 18. Be4 Rdh8 19. Qe2 Nf8 20. Rab1 Qd7 21. Bxb7+ Kxb7 22. Rb5 Qc6 23. d5 exd5 24. Nd4 Qxc3+ 0-1

[Event "Hastings Masters op 94th"]
[Site "Hastings"]
[Date "2019.01.01"]
[Round "5"]
[White "Song, Jinwoo James"]
[Black "Rice, Christopher"]
[Result "1/2-1/2"]
[WhiteElo "1907"]
[BlackElo "1998"]
[PlyCount "140"]
[EventDate "2018.12.28"]
[EventType "swiss"]
[EventRounds "10"]
[EventCountry "ENG"]
[SourceTitle "CBM 188 Extra"]
[Source "ChessBase"]
[SourceDate "2019.02.28"]
[SourceVersion "1"]
[SourceVersionDate "2019.02.28"]
[SourceQuality "1"]

1. e4 a6 2. d4 e6 3. Nf3 d5 4. exd5 exd5 5. Bd3 Nc6 6. 0-0 Bg4 7. c3 Bd6 8. Nbd2 Nge7 9. Re1 Qd7 10. Qc2 0-0-0 11. b4 Bf5 12. Nb3 Bxd3 13. Qxd3 Qf5 14. Qxf5+ Nxf5 15. a4 Rhe8 16. Bd2 f6 17. g4 Nfe7 18. Nh4 g5 19. Ng2 Ng6 20. h3 Nb8 21. Kf1 c6 22. a5 Nd7 23. Rad1 Ndf8 24. Nc1 Re6 25. Nd3 Rde8 26. f4 Rxe1+ 27. Rxe1 Rxe1+ 28. Kxe1 h6 29. Ke2 Kd7 30. Kf3 Nh7 31. f5 Ne7 32. Nb2 Nc8 33. Na4 Kc7 34. Ne1 Nf8 35. Nd3 Nd7 36. Ke2 Kd8 37. Nc1 Na7 38. Kd3 Nb5 39. Ne2 Na3 40. Be1 Nc4 41. Bg3 Ke7 42. Bxd6+ Kxd6 43. Ng3 b5 44. axb6 Ncxb6 45. Nc5 Nb8 46. Nh5 Ke7 47. Ng7 Nc4 48. Nge6 a5 49. b5 cxb5 50. Nc7 Nb6 51. Nxb5 Nc6 52. Na3 Kd6 53. c4 Ke7 54. cxd5 Nb4+ 55. Ke4 N4xd5 56. Ne6 Nc3+ 57. Kd3 Nd1 58. Ke2 Nc3+ 59. Kd3 Ncd5 60. Ke4 Nc3+ 61. Kd3 Nd1 62. Ke2 Nb2 63. Kf3 N2c4 64. Nc2 a4 65. Ke4 Nd6+ 66. Kd3 Nb5 67. Nb4 Kd6 68. Na2 Nd5 69. Kc4 Na3+ 70. Kd3 Nb5 1/2-1/2

[Event "GBR-ch Major 105th"]
[Site "Hull"]
[Date "2018.08.03"]
[Round "7"]
[White "Volovich, Julia"]
[Black "Rice, Christopher"]
[Result "0-1"]
[WhiteElo "1651"]
[BlackElo "1972"]
[PlyCount "112"]
[EventDate "2018.07.28"]
[EventType "swiss"]
[EventRounds "9"]
[EventCountry "ENG"]
[SourceTitle "CBM 185 Extra"]
[Source "ChessBase"]
[SourceDate "2018.07.29"]
[SourceVersion "1"]
[SourceVersionDate "2018.07.29"]
[SourceQuality "1"]

1. d4 a6 2. e4 e6 3. c4 d5 4. cxd5 exd5 5. e5 Bb4+ 6. Nc3 Nc6 7. Be3 Nge7 8. a3 Ba5 9. Nf3 Bg4 10. Be2 0-0 11. Qc2 Nf5 12. 0-0-0 Bb6 13. h3 Bxf3 14. Qxf5 Bxe2 15. Nxe2 Ne7 16. Qg4 Qc8 17. Bg5 Qxg4 18. hxg4 Nc6 19. Rh3 Rae8 20. Nf4 Bxd4 21. Rdh1 Bxe5 22. Rxh7 f6 23. Ng6 fxg5 24. Rh8+ Kf7 25. Nxf8 Rxf8 26. Rxf8+ Kxf8 27. Rh5 Kf7 28. g3 Kg6 29. Rh1 Kf6 30. Rd1 Ne7 31. Kc2 c5 32. Rf1 Ng6 33. a4 b5 34. axb5 axb5 35. Ra1 Nf8 36. Ra5 Bd4 37. f4 b4 38. Ra6+ Ke7 39. b3 gxf4 40. gxf4 Ne6 41. f5 Ng5 42. Ra7+ Kd6 43. Ra6+ Ke5 44. Kd3 Nh3 45. Re6+ Kf4 46. Re7 Nf2+ 47. Ke2 Nxg4 48. Kd3 Ne3 49. Ra7 Kxf5 50. Ra2 g5 51. Rf2+ Ke5 52. Rh2 g4 53. Rh4 g3 54. Rh5+ Kf4 55. Rh7 g2 56. Rf7+ Nf5 0-1